| 000 | 00942nam0a22002531 4500 | ||
|---|---|---|---|
| 001 | rc\499492 | ||
| 005 | 20250621110538.0 | ||
| 035 | _a(NLR Aleph) 005740564 | ||
| 090 |
_a4734051 _c4734051 |
||
| 100 | _a20030616d1987 |||y0rusy50 ca | ||
| 101 | 0 | _arus | |
| 102 | _aRU | ||
| 105 | _ay ||||||||| | ||
| 200 | 1 |
_aТехническое перевооружение производства в XII пятилетке _e[Сборник _fСост. Л.Б. Пирожников] |
|
| 210 |
_aМ. _cЗнание _d1987 |
||
| 215 |
_a63 с. _d21 |
||
| 225 | 1 |
_aНовое в жизни, науке, технике _iРадиоэлектроника и связь _v11/1987 |
|
| 320 | _aБиблиогр.: с. 23-24 (22 назв.), 55 (19 назв.) | ||
| 702 | 1 |
_aПирожников _bЛ.Б. _gЛоренц Богданович _4220 |
|
| 801 | 0 |
_aRU _bNLR _gpsbo |
|
| 801 | 1 |
_aRU _bELAR _2rusmarc |
|
| 852 |
_aNLR _j87-4/23304 |
||
| 942 | _cBOOK | ||
| 980 | _aNB | ||